[Event "Wch U16 Girls"]
[Site "Montesilvano"]
[Date "2023.11.15"]
[Round "3"]
[White "Momyn, Madina"]
[Black "Bayaraa, Bilguun"]
[Result "0-1"]
[WhiteElo "1315"]
[BlackElo "1712"]
[PlyCount "114"]
[EventDate "2023.11.13"]
[EventType "swiss"]
[EventRounds "11"]
[EventCountry "ITA"]
[SourceTitle "CB48_2023"]
[SourceDate "2023.11.29"]
[SourceVersion "1"]
[SourceVersionDate "2023.11.29"]
[SourceQuality "1"]

1. d4 d5 2. Nf3 c6 3. g3 Nf6 4. Bg2 Bf5 5. c4 e6 6. Nc3 Be7 7. Qb3 Qb6 8. c5 Qc7 9. Bf4 Qc8 10. Ne5 h6 11. h4 Nbd7 12. Bf3 Nxe5 13. Bxe5 0-0 14. Qd1 Nd7 15. e4 dxe4 16. Bxe4 Nxe5 17. dxe5 Bxc5 18. g4 Bxe4 19. Nxe4 Bb4+ 20. Kf1 Qc7 21. Qb3 Be7 22. f4 Rad8 23. g5 h5 24. Qf3 g6 25. Ke2 Qb6 26. b3 Qb5+ 27. Kf2 Bc5+ 28. Kg2 Be7 29. Rhd1 Qa5 30. Qg3 Rxd1 31. Rxd1 Rd8 32. Rxd8+ Qxd8 33. Qe3 b6 34. Qe2 Qd4 35. Kf3 Bc5 36. Nxc5 Qxc5 37. Qa6 Qd5+ 38. Ke3 Qc5+ 39. Kf3 Qc3+ 40. Ke4 Qe1+ 41. Kf3 Qh1+ 42. Ke3 Qg1+ 43. Kf3 Qg4+ 44. Ke3 Qg3+ 45. Ke4 Qe1+ 46. Kf3 Qd1+ 47. Ke3 Qd7 48. a4 Kf8 49. b4 Ke7 50. Qc4 Qd5 51. Qa6 Qb3+ 52. Ke2 Qxb4 53. Qxa7+ Kf8 54. Qa8+ Kg7 55. Qxc6 Qxf4 56. Qxb6 Qxa4 57. Qe3 Qxh4 0-1

[Event "Fagernes op-B"]
[Site "Fagernes"]
[Date "2023.04.06"]
[Round "6"]
[White "Bayaraa, Bilguun"]
[Black "Reigstad, Erlend"]
[Result "1/2-1/2"]
[WhiteElo "1112"]
[BlackElo "1594"]
[PlyCount "107"]
[EventDate "2023.04.02"]
[EventType "swiss"]
[EventRounds "9"]
[EventCountry "NOR"]
[SourceTitle "CBM 213 Extra"]
[Source "ChessBase"]
[SourceDate "2023.05.31"]
[SourceVersion "1"]
[SourceVersionDate "2023.05.31"]
[SourceQuality "1"]

1. d4 Nf6 2. c4 c5 3. Nc3 cxd4 4. Qxd4 Nc6 5. Qd1 e6 6. a3 d5 7. e3 Bd6 8. Nf3 0-0 9. Qc2 a6 10. b4 dxc4 11. Bxc4 b5 12. Bb3 Bb7 13. Bb2 Qe7 14. 0-0 Rac8 15. Qe2 Rc7 16. Rac1 Rfc8 17. Nd2 Ne5 18. f4 Nc4 19. Nxc4 bxc4 20. Ba2 e5 21. f5 a5 22. Nb5 axb4 23. axb4 Rd7 24. Nxd6 Qxd6 25. Rfd1 Qxb4 26. Rxd7 Nxd7 27. Rxc4 Rxc4 28. Bxc4 Nb6 29. Ba2 Qe4 30. Qf3 Qxf3 31. gxf3 Bxf3 32. Bxe5 Nd7 33. Bf4 Be4 34. Kf2 Bxf5 35. Kf3 Nf6 36. Be5 Be4+ 37. Kf4 Bb7 38. Bxf6 gxf6 39. Kf5 Kg7 40. Bb1 Bc8+ 41. Kf4 Ba6 42. Bf5 Be2 43. Bc2 Bh5 44. e4 Bg6 45. Bd1 Kf8 46. h4 h5 47. Bb3 Ke7 48. Bd5 Kd6 49. Bb7 Kc7 50. Bd5 Kd6 51. Bb7 Bh7 52. Ba6 Bg6 53. Bb7 Kc5 54. Bd5 1/2-1/2

[Event "Wch U20 Girls 35th"]
[Site "Tarvisio"]
[Date "2017.11.24"]
[Round "10"]
[White "Bayaraa, Bilguun"]
[Black "Caxita, Esperanca"]
[Result "0-1"]
[WhiteElo "1147"]
[BlackElo "1865"]
[PlyCount "92"]
[EventDate "2017.11.13"]
[EventType "swiss"]
[EventRounds "11"]
[EventCountry "ITA"]
[SourceTitle "CBM 181 Extra"]
[Source "ChessBase"]
[SourceDate "2017.12.12"]
[SourceVersion "1"]
[SourceVersionDate "2017.12.12"]
[SourceQuality "1"]

1. d4 d5 2. Nf3 Nf6 3. e3 c6 4. c4 Bg4 5. Nc3 e6 6. Bd2 Nbd7 7. Be2 Bd6 8. b3 a6 9. Qc2 Rc8 10. c5 Bb8 11. 0-0 Qc7 12. g3 h5 13. e4 dxe4 14. Nxe4 Nxe4 15. Qxe4 Nf6 16. Qd3 Qd7 17. Bg5 Bf5 18. Qc4 Ne4 19. Be3 Qe7 20. Bd3 h4 21. Bxe4 Bxe4 22. Qe2 Qf6 23. Nd2 Bd5 24. Qg4 Kd7 25. Bg5 Qg6 26. f3 f5 27. Qh3 Qxg5 28. f4 Bxf4 29. Rxf4 hxg3 30. Qxg3 Qxg3+ 31. hxg3 Rh1+ 32. Kf2 Rxa1 33. a4 g5 34. Rf3 Bxf3 35. Kxf3 Rh8 36. g4 Ra2 37. Nf1 Rh3+ 38. Ng3 f4 39. Ke4 Rxg3 40. Ke5 Ke7 41. d5 Re3+ 42. Kd4 Rd2+ 43. Kc4 exd5+ 44. Kb4 f3 45. a5 f2 46. Ka4 f1Q 0-1

[Event "Wch U20 Girls 35th"]
[Site "Tarvisio"]
[Date "2017.11.19"]
[Round "6"]
[White "Greibrokk, Ingrid Andrea"]
[Black "Bayaraa, Bilguun"]
[Result "1-0"]
[WhiteElo "1868"]
[BlackElo "1147"]
[PlyCount "125"]
[EventDate "2017.11.13"]
[EventType "swiss"]
[EventRounds "11"]
[EventCountry "ITA"]
[SourceTitle "CBM 181 Extra"]
[Source "ChessBase"]
[SourceDate "2017.12.12"]
[SourceVersion "1"]
[SourceVersionDate "2017.12.12"]
[SourceQuality "1"]

1. c4 c5 2. g3 Nf6 3. Bg2 e5 4. Nc3 d6 5. e3 Nc6 6. Nge2 Bd7 7. 0-0 Be7 8. b3 b6 9. Bb2 0-0 10. Nd5 Rc8 11. Nec3 Be6 12. h3 Bxd5 13. Nxd5 Nb4 14. Nxe7+ Qxe7 15. d3 Rfd8 16. e4 Nc6 17. Kh2 Nd4 18. f4 Qd7 19. f5 b5 20. g4 bxc4 21. bxc4 Rb8 22. Bxd4 cxd4 23. g5 Ne8 24. f6 g6 25. h4 Rb2 26. h5 Nc7 27. hxg6 fxg6 28. f7+ Kg7 29. Qf3 Qe7 30. c5 Ne6 31. Qf6+ Qxf6 32. Rxf6 Nf4 33. Rg1 dxc5 34. Kh1 Rb6 35. Rxb6 axb6 36. Rb1 Nxg2 37. Kxg2 Kxf7 38. Rxb6 Ra8 39. Rb2 Ra7 40. Kf3 Kg7 41. Rc2 Ra5 42. Kg4 h5+ 43. gxh6+ Kxh6 44. Rh2+ Kg7 45. Kg5 Ra6 46. Rb2 Ra7 47. a4 Rc7 48. a5 Ra7 49. Rb5 Ra6 50. Rxc5 Re6 51. Rb5 Re8 52. Rb7+ Kg8 53. a6 Ra8 54. a7 Rxa7 55. Rxa7 Kf8 56. Kxg6 Ke8 57. Kf6 Kd8 58. Ke6 Kc8 59. Kd6 Kb8 60. Rh7 Ka8 61. Kc6 Kb8 62. Rg7 Ka8 63. Kb6 1-0

[Event "Wch U20 Girls 35th"]
[Site "Tarvisio"]
[Date "2017.11.16"]
[Round "4"]
[White "Altantuya, Boldbaatar"]
[Black "Bayaraa, Bilguun"]
[Result "1-0"]
[WhiteElo "1948"]
[BlackElo "1147"]
[PlyCount "55"]
[EventDate "2017.11.13"]
[EventType "swiss"]
[EventRounds "11"]
[EventCountry "ITA"]
[SourceTitle "CBM 181 Extra"]
[Source "ChessBase"]
[SourceDate "2017.12.12"]
[SourceVersion "1"]
[SourceVersionDate "2017.12.12"]
[SourceQuality "1"]

1. d4 d5 2. c4 c6 3. Nc3 Nf6 4. e3 e6 5. Nf3 Bb4 6. Bd3 0-0 7. 0-0 Bxc3 8. bxc3 Qc7 9. Qc2 Nbd7 10. Ba3 Re8 11. Ng5 g6 12. f4 c5 13. Rac1 Qa5 14. Bb2 b6 15. cxd5 cxd4 16. dxe6 fxe6 17. Bxg6 Re7 18. Be4 Nxe4 19. Qxe4 Rb8 20. exd4 Qxa2 21. Qc2 Qc4 22. Rf3 Bb7 23. Rg3 Kh8 24. Rh3 Nf6 25. Ba3 Rg7 26. Bd6 Rbg8 27. Be5 Rg6 28. Rxh7# 1-0

[Event "San Francisco TNM Fall op"]
[Site "San Francisco"]
[Date "2016.12.13"]
[Round "9"]
[White "Starr, Albert Martin"]
[Black "Bayaraa, Bilguun"]
[Result "1-0"]
[WhiteElo "1511"]
[BlackElo "1127"]
[PlyCount "109"]
[EventDate "2016.10.18"]
[EventType "swiss"]
[EventRounds "9"]
[EventCountry "USA"]
[SourceTitle "EXT 2018"]
[Source "ChessBase"]
[SourceDate "2017.10.13"]
[SourceVersion "1"]
[SourceVersionDate "2017.10.13"]
[SourceQuality "1"]

1. b4 e5 2. Bb2 Nc6 3. b5 Nd4 4. e3 Nf5 5. Bxe5 d6 6. Bb2 Nf6 7. Bxf6 Qxf6 8. d4 Be7 9. Nd2 0-0 10. Ngf3 c6 11. bxc6 bxc6 12. Bd3 d5 13. Bxf5 Qxf5 14. 0-0 Bb4 15. Rb1 Bc3 16. Rb3 Ba5 17. c4 dxc4 18. Nxc4 Be6 19. Nxa5 Qxa5 20. Rb7 Qxa2 21. Ne5 Qa6 22. Rc7 Bd5 23. Qc2 Rac8 24. Rxc8 Rxc8 25. Rc1 Qb5 26. h3 f6 27. Nc4 Bxc4 28. Qxc4+ Qxc4 29. Rxc4 a5 30. Ra4 Ra8 31. Kf1 Kf7 32. Ke2 Ke7 33. Kd3 Kd7 34. Kc4 Kd6 35. e4 Re8 36. f3 Ra8 37. h4 h5 38. f4 Kc7 39. Kc5 g6 40. Ra3 Ra6 41. Rg3 a4 42. Ra3 Ra5+ 43. Kb4 Kb6 44. Rxa4 Rb5+ 45. Kc4 Rb2 46. Rb4+ Rxb4+ 47. Kxb4 Kc7 48. Kc5 Kd7 49. d5 cxd5 50. Kxd5 Ke7 51. Kc6 Ke6 52. Kc7 f5 53. e5 Ke7 54. Kc6 Ke6 55. g3 1-0

[Event "San Francisco TNM Fall op"]
[Site "San Francisco"]
[Date "2016.10.25"]
[Round "2"]
[White "Bayaraa, Bilguun"]
[Black "Simpkins, Jerry"]
[Result "0-1"]
[WhiteElo "1127"]
[BlackElo "1542"]
[PlyCount "70"]
[EventDate "2016.10.18"]
[EventType "swiss"]
[EventRounds "9"]
[EventCountry "USA"]
[SourceTitle "EXT 2018"]
[Source "ChessBase"]
[SourceDate "2017.10.13"]
[SourceVersion "1"]
[SourceVersionDate "2017.10.13"]
[SourceQuality "1"]

1. d4 e5 2. e3 e4 3. Nc3 f5 4. Bc4 c6 5. Bb3 d5 6. f3 Nf6 7. Qe2 Bd6 8. Bd2 Na6 9. a3 Be6 10. Nh3 h6 11. Nf2 0-0 12. f4 Bf7 13. h3 Be7 14. 0-0-0 Nh5 15. Qe1 Ng3 16. Rg1 Bh4 17. Ne2 Bh5 18. Ng4 Nxe2+ 19. Qxe2 fxg4 20. hxg4 Bf7 21. g3 Bf6 22. Rh1 c5 23. c3 cxd4 24. exd4 Rc8 25. Qh2 Bxd4 26. Kb1 Nc5 27. Ba2 e3 28. Bc1 Bf6 29. g5 Bxg5 30. fxg5 Qxg5 31. Qe2 Rce8 32. Rde1 Bg6+ 33. Ka1 Be4 34. Rh2 Nd3 35. Bxd5+ Qxd5 0-1

[Event "San Francisco TNM Spring op"]
[Site "San Francisco"]
[Date "2016.05.03"]
[Round "8"]
[White "Donaldson, Kyle Garrett"]
[Black "Bayaraa, Bilguun"]
[Result "1-0"]
[WhiteElo "1434"]
[BlackElo "1021"]
[PlyCount "41"]
[EventDate "2016.03.15"]
[EventType "swiss"]
[EventRounds "8"]
[EventCountry "USA"]
[SourceTitle "EXT 2018"]
[Source "ChessBase"]
[SourceDate "2017.10.13"]
[SourceVersion "1"]
[SourceVersionDate "2017.10.13"]
[SourceQuality "1"]

1. e4 e5 2. Nf3 Nc6 3. d4 d6 4. dxe5 Nxe5 5. Nxe5 dxe5 6. Qxd8+ Kxd8 7. Bc4 Be6 8. Bxe6 fxe6 9. Nc3 Nf6 10. Bg5 Bc5 11. 0-0-0+ Ke8 12. Rd2 Bd4 13. Nb5 Kf7 14. Bxf6 gxf6 15. Nxd4 exd4 16. Rxd4 Rhd8 17. Rhd1 Rxd4 18. Rxd4 e5 19. Rd7+ Ke8 20. Rxh7 a5 21. Rh8+ 1-0

[Event "San Francisco TNM Winter op"]
[Site "San Francisco"]
[Date "2015.01.20"]
[Round "3"]
[White "Chan, John"]
[Black "Bayaraa, Bilguun"]
[Result "1-0"]
[WhiteElo "1514"]
[BlackElo "644"]
[PlyCount "43"]
[EventDate "2015.01.06"]
[EventType "swiss"]
[EventRounds "8"]
[EventCountry "USA"]
[SourceTitle "EXT 2016"]
[Source "ChessBase"]
[SourceDate "2015.10.08"]
[SourceVersion "1"]
[SourceVersionDate "2015.10.08"]
[SourceQuality "1"]

1. d4 d5 2. Nc3 Nf6 3. h3 Bf5 4. Nf3 Nc6 5. a3 e6 6. g4 Be4 7. Bg2 Bg6 8. Bg5 Be7 9. 0-0 a5 10. e3 b5 11. Nxb5 a4 12. Qe2 0-0 13. Rac1 Rb8 14. Nd2 e5 15. dxe5 Nxe5 16. f4 d4 17. fxe5 Nd7 18. Bxe7 Qxe7 19. exd4 c5 20. e6 Nf6 21. exf7+ Rxf7 22. Qxe7 1-0

[Event "San Francisco TNM Winter op"]
[Site "San Francisco"]
[Date "2015.01.06"]
[Round "1"]
[White "Bachseitz, Martin"]
[Black "Bayaraa, Bilguun"]
[Result "1-0"]
[WhiteElo "1712"]
[BlackElo "644"]
[PlyCount "57"]
[EventDate "2015.01.06"]
[EventType "swiss"]
[EventRounds "8"]
[EventCountry "USA"]
[SourceTitle "EXT 2016"]
[Source "ChessBase"]
[SourceDate "2015.10.08"]
[SourceVersion "1"]
[SourceVersionDate "2015.10.08"]
[SourceQuality "1"]

1. e4 e5 2. Nf3 Nc6 3. Bb5 d6 4. 0-0 Nf6 5. Re1 Be7 6. h3 0-0 7. c3 Be6 8. d4 exd4 9. cxd4 a6 10. Bf1 b5 11. d5 Nxd5 12. exd5 Bxd5 13. Qxd5 Bf6 14. Qxc6 b4 15. Bd3 a5 16. Qe4 g6 17. a3 bxa3 18. Rxa3 Bg7 19. Bc4 Rc8 20. Ng5 d5 21. Bxd5 c6 22. Bc4 Rc7 23. Rf3 Re7 24. Qxe7 Qxe7 25. Rxe7 Kh8 26. Nxf7+ Kg8 27. Ng5+ Kh8 28. Rxf8+ Bxf8 29. Rxh7# 1-0

[Event "San Francisco TNM Fall op"]
[Site "San Francisco"]
[Date "2014.12.16"]
[Round "8"]
[White "Bayaraa, Bilguun"]
[Black "Otterbach, Renate"]
[Result "0-1"]
[WhiteElo "639"]
[BlackElo "1044"]
[PlyCount "20"]
[EventDate "2014.10.21"]
[EventType "swiss"]
[EventRounds "8"]
[EventCountry "USA"]
[SourceTitle "EXT 2016"]
[Source "ChessBase"]
[SourceDate "2015.10.08"]
[SourceVersion "1"]
[SourceVersionDate "2015.10.08"]
[SourceQuality "1"]

1. d4 d5 2. e3 e6 3. Nc3 c5 4. b3 Nc6 5. Bb5 Bd7 6. Bxc6 Bxc6 7. Nce2 Nf6 8. Ng3 Qa5+ 9. Bd2 Qb6 10. Nf3 Bd6 0-1

[Event "San Francisco TNM Fall op"]
[Site "San Francisco"]
[Date "2014.11.04"]
[Round "3"]
[White "Bayaraa, Bilguun"]
[Black "Rajaram, Raghu B"]
[Result "0-1"]
[WhiteElo "639"]
[BlackElo "1897"]
[PlyCount "56"]
[EventDate "2014.10.21"]
[EventType "swiss"]
[EventRounds "8"]
[EventCountry "USA"]
[SourceTitle "EXT 2016"]
[Source "ChessBase"]
[SourceDate "2015.10.08"]
[SourceVersion "1"]
[SourceVersionDate "2015.10.08"]
[SourceQuality "1"]

1. d4 Nf6 2. e3 g6 3. Nf3 Bg7 4. Be2 d5 5. 0-0 0-0 6. Nc3 c5 7. Bd2 Nc6 8. Nb5 a6 9. Nc3 Bf5 10. a3 Ne4 11. Bd3 e5 12. dxc5 Nxc3 13. Bxc3 e4 14. Be2 Bxc3 15. bxc3 exf3 16. Bxf3 Be4 17. Bxe4 dxe4 18. Qxd8 Raxd8 19. Rab1 Rd2 20. Rxb7 Rxc2 21. Rb6 Ne5 22. Rxa6 Rc8 23. Ra5 Nd3 24. Rb1 Rxc5 25. Ra8+ Kg7 26. a4 R5xc3 27. a5 Rc1+ 28. Rxc1 Rxc1# 0-1

[Event "San Francisco TNM Fall op"]
[Site "San Francisco"]
[Date "2014.10.21"]
[Round "1"]
[White "Newey, Richard H"]
[Black "Bayaraa, Bilguun"]
[Result "1-0"]
[WhiteElo "1747"]
[BlackElo "639"]
[PlyCount "53"]
[EventDate "2014.10.21"]
[EventType "swiss"]
[EventRounds "8"]
[EventCountry "USA"]
[SourceTitle "EXT 2016"]
[Source "ChessBase"]
[SourceDate "2015.10.08"]
[SourceVersion "1"]
[SourceVersionDate "2015.10.08"]
[SourceQuality "1"]

1. e4 e5 2. Nf3 d6 3. h3 a6 4. Bc4 g6 5. d3 b5 6. Bd5 Bd7 7. Ng5 Be6 8. Bxa8 Bg7 9. Bd5 Bxd5 10. exd5 Nd7 11. Qf3 Ngf6 12. Nc3 0-0 13. 0-0 Nc5 14. Re1 Qe7 15. Nge4 b4 16. Nxf6+ Bxf6 17. Ne4 Nd7 18. Nxf6+ Qxf6 19. Qg4 Nb6 20. Bh6 Re8 21. Qe4 Na4 22. Qxb4 Nc5 23. Qg4 Rb8 24. b3 a5 25. Re3 Rb4 26. Qc8+ Qd8 27. Qxd8# 1-0

[Event "San Francisco TNM Jay Whitehead op"]
[Site "San Francisco"]
[Date "2014.08.14"]
[Round "2"]
[White "Bayaraa, Bilguun"]
[Black "Hilliard, Michael"]
[Result "0-1"]
[WhiteElo "544"]
[BlackElo "1400"]
[PlyCount "66"]
[EventDate "2014.08.05"]
[EventType "swiss"]
[EventRounds "9"]
[EventCountry "USA"]
[SourceTitle "EXT 2016"]
[Source "ChessBase"]
[SourceDate "2015.10.08"]
[SourceVersion "1"]
[SourceVersionDate "2015.10.08"]
[SourceQuality "1"]

1. d4 d5 2. e3 e6 3. Nc3 c5 4. Nf3 Nc6 5. Bb5 Nf6 6. 0-0 a6 7. Bxc6+ bxc6 8. Ne5 Qc7 9. Qe2 cxd4 10. exd4 c5 11. Be3 cxd4 12. Bxd4 Bd6 13. Rfe1 0-0 14. Qe3 Nd7 15. Nxd7 Bxd7 16. Qg5 f6 17. Qh4 e5 18. Be3 d4 19. Bd2 dxc3 20. bxc3 Rab8 21. Qg3 Rb2 22. Bh6 Rf7 23. Re3 Qb6 24. Rf3 Rb1+ 25. Bc1 Rxa1 26. h3 Rxc1+ 27. Kh2 e4 28. Rf4 Qc7 29. Qe3 Bxf4+ 30. g3 Bxe3 31. fxe3 Rxc2+ 32. Kh1 Qxg3 33. a4 Qg2# 0-1